[Event "NZL-ch op 129th"]
[Site "Christchurch"]
[Date "2022.01.07"]
[Round "6"]
[White "Wang, Aaron Ziwen"]
[Black "Lee, Edward S"]
[Result "1-0"]
[WhiteElo "1788"]
[BlackElo "1974"]
[PlyCount "89"]
[EventDate "2022.01.02"]
[EventType "swiss"]
[EventRounds "9"]
[EventCountry "NZL"]
[SourceTitle "EXT 2023"]
[Source "ChessBase"]
[SourceDate "2022.10.05"]
[SourceVersion "1"]
[SourceVersionDate "2022.10.05"]
[SourceQuality "1"]

1. c4 g6 2. e4 Bg7 3. d4 c5 4. Nf3 cxd4 5. Nxd4 Nc6 6. Be3 Nf6 7. Nc3 d6 8. f3 Bd7 9. Nxc6 bxc6 10. Qd2 h5 11. h4 Qa5 12. a3 Rb8 13. Be2 Ng4 14. fxg4 Rxb2 15. Qxb2 Bxc3+ 16. Bd2 Bxb2 17. Bxa5 Bxa1 18. gxh5 gxh5 19. Kd2 Bf6 20. Rb1 Bc8 21. g3 Be5 22. Bc3 Bxc3+ 23. Kxc3 Kd8 24. c5 dxc5 25. Kc4 Kc7 26. Kxc5 Rh6 27. Rf1 f6 28. e5 f5 29. Bd3 Re6 30. Rxf5 Rg6 31. Rg5 Rh6 32. Be2 Rh8 33. Rxh5 Rd8 34. Bc4 Rd2 35. Rh7 Rc2 36. Rxe7+ Kd8 37. Rxa7 Rc3 38. Kb4 Rxg3 39. h5 Rg4 40. Kc3 Rg5 41. e6 Re5 42. h6 Bxe6 43. Bxe6 Rxe6 44. h7 Rh6 45. h8Q+ 1-0

[Event "South Island-ch"]
[Site "Hanmer Springs"]
[Date "2019.10.09"]
[Round "7"]
[White "Lee, Edward S"]
[Black "Xie, Felix"]
[Result "1-0"]
[WhiteElo "1924"]
[BlackElo "1856"]
[PlyCount "53"]
[EventDate "2019.10.05"]
[EventType "swiss"]
[EventRounds "9"]
[EventCountry "NZL"]
[SourceTitle "EXT 2023"]
[Source "ChessBase"]
[SourceDate "2022.10.05"]
[SourceVersion "1"]
[SourceVersionDate "2022.10.05"]
[SourceQuality "1"]

1. b3 e5 2. Bb2 d6 3. g3 Nf6 4. Bg2 g6 5. c4 Bg7 6. Nc3 Nc6 7. e3 0-0 8. Nge2 Bf5 9. e4 Be6 10. d3 Qd7 11. h3 Ne8 12. g4 f5 13. exf5 gxf5 14. g5 Bf7 15. Qd2 Bh8 16. 0-0-0 Ng7 17. Rdg1 Rab8 18. Bf3 Bh5 19. Bd5+ Bf7 20. g6 hxg6 21. Rxg6 Ne7 22. Rh6 Nxd5 23. cxd5 b5 24. Rg1 Qe7 25. Rxh8+ Kxh8 26. Qh6+ Kg8 27. Rxg7# 1-0